| 000 | 01904nam a22002297a 4500 | ||
|---|---|---|---|
| 999 |
_c60054 _d60054 |
||
| 003 | Ge_BSU | ||
| 005 | 20230602101915.0 | ||
| 008 | 230602s2018ge xxu||||| |||| 00| 0 geo d | ||
| 020 | _a9790801574084 | ||
| 041 | _ageo | ||
| 080 | _a783(479.22) შ-93 | ||
| 245 |
_aშუა საუკუნეების ქართული გალობა [ნოტი] : _bრჩეული საგალობლები = Georgian Chants from the Middle Ages : Selected Peaces / _cშემდგ : სვომონ (ჯიქი) ჯანგულაშვილი ; რუსუდან წურწუმია, თამარ ჩხეიძე ; მუსიკალური რედ: ლევან ვეშაპიძე, სვომონ (ჯიქი) ჯანგულაშვილი ; მთარგმ: მარიამ ცოცხალაშვილი, ნუცა ლომსაძე ;პროექტის კოორდინატორი: ნინო რაზმაძე |
||
| 264 |
_aვარშავა = Warszawa : _bPWN, _c2018. |
||
| 300 |
_a560 გვ. ; _b30 სმ. |
||
| 546 | _aლათინური ტრანსლიტერაციით. კრებულში წარმოდგენილი საგალობლების წყაროები ქართულ, ინგლისურ ენაზე: გვ. 18–27. | ||
| 653 | _aქართული სასულიერო მუსიკა | ||
| 653 | _aქართული საეკლესიო გალობა | ||
| 700 |
_a ჯანგულაშვილი , სვომონ _eშემდგენელი _918409 |
||
| 700 |
_aწურწუმია,რუსუდან _918410 |
||
| 700 |
_aჩხეიძე, თამარ [და სხვ] _e რედაქტორი _918411 |
||
| 942 |
_2udc _cBK |
||